000 01768nam a2200481 i 4500
001 vtls000800647
003 PNM
005 20241029122115.0
008 160329s2016 my a g 000 1 may
020 _a9789830078779
_qhardback
_cRM109.00
039 9 _a201911201027
_bmasliza
_c201911070924
_dmasliza
_c201905241156
_dnoorul
_c201809040855
_dirfah
040 _aBNM
_beng
_cBNM
_dPNM
_dPPAK
_erda
049 _aklpmal
082 0 4 _223
_a823.914
090 0 0 _a823.914
_bROW
_dK
090 2 0 _a823.914
_bROW
_dRK
100 1 _aRowling, J. K.,
_d1966-
_eauthor.
245 1 0 _aHARRY POTTER dan Bilik Rahsia /
_cJ. K. ROWLING ; Diilustrasikan oleh JIM KAY
264 1 _aJohor Bahru, Johor :
_bPenerbitan Pelangi Sdn. Bhd.,
_c[2016]
300 _a259 pages :
_bcolour illustrations ;
_c28 cm
336 _atext
_2rdacontent
337 _aunmediated
_2rdamedia
338 _avolume
_2rdacarrier
600 1 0 _aPotter, Harry
_c(Fictitious character)
_vJuvenile fiction
600 1 0 _aGranger, Hermione
_c(Fictitious character)
_vJuvenile fiction
600 1 0 _aWeasley, Ron
_c(Fictitous character)
_vJuvenile fiction
650 1 0 _aEnglish fiction
_vTranslations into Malay
650 2 0 _aHogwarts School of Witchcraft and Wizardry (Imaginary organization)
_vJuvenile fiction
650 2 0 _aWizards
_vFiction
650 2 0 _aMagic
_vFiction
650 2 0 _aSchools
_vFiction
651 0 _aEngland
_vFiction
700 1 _aKay, Jim,
_eillustrator.
942 _2ddc
_cB
949 _61001274450
_e2596704
949 _61001274451
_e2596705
949 _61001274452
_e2596706
949 _61001274453
_e2596707
949 _61001380110
_e2619060
949 _62000082171
_a823 ROW M
_e2536281
949 _61001303493
_e2536280
949 _61001303494
_e2536282
999 _c179706
_d179706